Language Quiz

Random Language or Italian Quiz

Italian dates quiz Stats

 Plays Quiz not verified by Sporcle

Score 0/10 Timer 10:00
0 Plays Today
Date Answer % Correct
Sunday 2 Novemberdomenica due novembre
90.2%
Saturday 25 Marchsabato venticinque marzo
86.9%
Thursday 18 Februarygiovedi diciotto febbraio
85.2%
Wednesday 15 Maymercoledi quindici maggio
82%
Tuesday 8 Decembermartedi otto dicembre
82%
Thursday 15 Augustgiovedi quindici agosto
82%
Monday 12 Septemberlunedi dodici settembre
82%
Wednesday 28 Aprilmercoledi ventotto aprile
82%
Monday 20 Julylunedi venti luglio
80.3%
Friday 17 Octobervenerdi diciassette ottobre
72.1%

You're not logged in!

Compare scores with friends on all Sporcle quizzes.
OR
Log In

Show Comments

Extras

Created Aug 13, 2015ReportNominate
Tags:Italian Quiz, date, write

Top Quizzes Today


Score Distribution

Your Account Isn't Verified!

In order to create a playlist on Sporcle, you need to verify the email address you used during registration. Go to your Sporcle Settings to finish the process.

Report this User

Report this user for behavior that violates our Community Guidelines.

Details: